Obras / (Registro nro. 14082)

Detalles MARC
000 -LIDER
fixed length control field 01133nam a2200313 a 4500
001 - NÚMERO DE CONTROL
Identificador de número de control
003 - IDENTIFICACDOR DE NÚMERO DE CONTROL
control field DO-SdBNP
005 - DATE AND TIME OF LATEST TRANSACTION
control field 20220316085214.0
008 - ELEMENTOS DE LONGITUD FIJA
fixed length control field 100211s2010 dr r 001 0 spa d
020 ## - ISBN
International Standard Book Number 9789945020816
040 ## - FUENTE DE CATALOGACIÓN
Agencia que crea de manera original el registro DO-SdBNP
Idioma de catalogación spa
Agencia que realiza la transcripción BPMSU
082 ## - NÚMERO DE CLASIFICACIÓN DECIMAL DE DEWEY
Classification number RD868.4
Item number D473o 2010
Edition number 22
100 1# - ASIENTO PRINCIPAL -- NOMBRE PERSONAL
Nombre personal Despradel Batista, Guido,
Fechas asociadas con el nombre 1909-1959
245 10 - MENCIÓN DE TITULO
Título Obras /
Mención de responsabilidad Guido Despradel Batista ; compilador Alfredo Rafael Hernández.
260 ## - PUBLICACIÓN, DISTRIBUCIÓN, ETC. (PIE DE IMPRENTA)
Nombre del editor, distribuidor, etc. Archivo General de la Nación,
Lugar de publicación, distribución, etc Santo Domingo :
Fecha de publicación, distribución, etc 2010
300 ## - DESCRIPCIÓN FÍSICA
Extensión v. ;
Dimensiones 24 cm.
490 0# - MENCIÓN DE SERIES
Mención de serie Archivo General de la Nación
Volume/sequential designation 86
500 ## - NOTA GENERAL
Nota general Incluye índice onomástico
500 ## - NOTA GENERAL
Nota general Incluye datos biográficos del autor en las solapas
500 ## - NOTA GENERAL
Nota general Incluye referencias bibliográficas y notas al pie de las páginas
590 ## - NOTA LOCAL
Texto de la nota local Inventariado, 2022/VM
600 14 - ENCABEZAMIENTO DE MATERIA--NOMBRE PERSONAL
Nombre personal Despradel Batista, Guido
Subdivisión temática general Colecciones de escritos
Fechas asociadas con el nombre 1909-1959
650 #4 - ENCABEZAMIENTO DE MATERIA--TEMÁTICO
Término temático o nombre geográfico como elemento de entrada Artículos de prensa
650 #4 - ENCABEZAMIENTO DE MATERIA--TEMÁTICO
Término temático o nombre geográfico como elemento de entrada Literatura dominicana.
700 1# - ASIENTO SECUNDARIO -- NOMBRE PERSONAL
Nombre personal Hernández, Alfredo Rafael,
Mención de responsabilidad compilador
710 2# - ASIENTO SECUNDARIO -- NOMBRE CORPORATIVO
Nombre corporativo o de jurisdicción Archivo General de la Nación (República Dominicana)
910 ## - VALIDACIÓN
Validación VMateo V.
942 ## - ADDED ENTRY ELEMENTS (KOHA)
Source of classification or shelving scheme Dewey Decimal Classification
Koha item type Libros
Existencias
Withdrawn status Lost status Source of classification or shelving scheme Damaged status Not for loan Collection code Home library Current library Date acquired Total Checkouts Full call number Barcode Date last seen Copy number Price effective from Koha item type
    Dewey Decimal Classification     Colección Dominicana Biblioteca Pública Metropolitana Salomé Ureña Biblioteca Pública Metropolitana Salomé Ureña 03/16/2022   BPMSU CD RD868.4 D473o 2010 BPMSU22030044 03/16/2022 v.2 03/16/2022 Libros
    Dewey Decimal Classification     Colección Dominicana Biblioteca Pública Metropolitana Salomé Ureña Biblioteca Pública Metropolitana Salomé Ureña 09/05/2022   BPMSU CD RD868.4 D473o 2010 BPMSU25090022 09/05/2025 v.1 03/16/2022 Libros